New species of duck from Central Colombia (Registro nro. 14976)

Detalles MARC
000 -CABECERA
Campo de control 003310000a22001210004500
090 ## - CLASIFICACIÓN LOCAL
Colección AS
Consecutivo Seriadas
041 0# - IDIOMA
Código de idioma para texto/pista de sonido o título separado
100 1# - ASIENTO PRINCIPAL--NOMBRE PERSONAL
Nombre personal Wetmore, Alexander
245 10 - MENCION DE TITULO
Título New species of duck from Central Colombia
700 1# - ASIENTO SECUNDARIO - NOMBRE PERSONAL
Nombre personal Borrero H., José Ignacio
773 1# - Item fuente:
Título Caldasia
Especificación de materiales 45
Descripción física 16
Paginas del Articulo 67-71
Lugar, editorial y fecha de publicación 1946
Información sobre la relación 4
942 ## - ELEMENTOS ADICIONALES (KOHA)
Tipo de ítem Artículo

No hay ítems disponibles.